000 01087nam a2200265 a 4500
001 000021785
005 20200930011441.0
008 100913s2000 dr 000 0 spa d
020 _a9993433039
040 _aDO-SdBNP
_bspa
_cBNPHU
082 _a972.9382
_bA473s
100 1 _aÁlvarez Santana, Fermín,
_d1948-
_938759
245 1 0 _aSan Pedro de Macorís :
_bsu historia y desarrollo /
_cFermín Álvarez Santana.
260 _aSanto Domingo :
_bComisión Presidencial de Apoyo al Desarrollo Provincial,
_c2000.
300 _a443 p. ;
_c21 cm.
490 1 _aProvincias
_v10
500 _aIncluye notas al pie de páginas.
590 _aObra premiada en el Primer Concurso Nacional sobre Historia y Desarrollo de las Provincias
651 4 _aSan Pedro De Macorís (República Dominicana{Rpara}
_xHistoria Local
_97812
650 4 _aCiudades y pueblos
_zRepública Dominicana
_9784
651 4 _aSan Pedro De Macorís (República Dominicana{Rpara}
_xVida Social Y Costumbres
_97813
830 0 _aProvincias
_v10
_945125
910 _aValidado. Control de calidad MFF
049 _aBNPD
999 _c21284
_d21284